000 00949nam a2200289 4500
001 45571
010 _a9789722044769
021 _b321792/11
090 _a45571
100 _a20170112d2011 cd y0pory50030103ba
101 1 _apor
102 _aPT
200 1 _aOs heróis da Rapunzel
_fescrito por Barbara Balzadua
_gil. Denise Shimabukuro, Estúdios IBOIX
_gtrad. Marta Nazaré
205 _a1.ª ed.
210 9 _aAlfragide
_cPublicações Dom Quixote,
_d2011
215 _a24 p.
_ctodo il.
_d24 cm
225 2 _aDisney princesa
_v6
304 _aTít. orig.: Rapunzel's heroes
675 _a087.5
_vBN
_zpor
675 _a821.111(73)-93"19/20"
_vBN
_zpor
675 _a821.111(73)-34"19/20"
_vBN
_zpor
700 1 _aBalzadua,
_bBarbara
702 1 _aShimabukuro,
_bDenise
_4440
702 1 _aNazaré,
_bMarta
_4730
801 0 _aPT
_bBN
_gRPC
856 4 1 _uhttp://rnod.bnportugal.gov.pt/ImagesBN/winlibimg.aspx?skey=&doc=1953212&img=88124&save=true
990 _cLIVROS